00541nam a2200193Ia 4500008004100000041001200041082001200053100001700065245004800082260004500130300000800175365000800183520001600191546001200207630004800219650001600267655001600283730004800299101110s9999 xx 000 0 und d aENGLISH bSR25486 aSharma Anand aQuantitative techniques for decision making c2003bHimalaya publication house, Mumbai a739 b325 aStats/Maths aENGLISH aQuantitative techniques for decision making aStats/Maths aStats/Maths aQuantitative techniques for decision making